LEADER 01264cam0 22003251i 450 001 990006937340403321 005 20180607120542.0 035 $a000693734 035 $aFED01000693734 035 $a(Aleph)000693734FED01 035 $a000693734 100 $a20010720d1984----km-y0itay50------ba 101 0 $aita$dIT 105 $aa-------101yy 200 1 $a<>numismatica e il computer$eatti del 1. Incontro internazionale organizzato dal Comune di Milano, Ripartizione cultura, Civiche raccolte numismatiche, con il patrocinio del Ministero per i beni culturali e ambientali e della Regione Lombardia$eMilano, 21-22 maggio 1984 210 $aRoma$cIstituto poligrafico e Zecca dello Stato. Libreria dello Stato$d1984 215 $a274 p.$cill.$d29 cm 225 1 $aBollettino di numismatica$iSupplemento$v1$x0392-971X 610 0 $aInformatica$aApplicazioni alla numismatica$aCongressi$a1984 610 0 $aNumismatica 676 $a737 712 02$aCiviche raccolte archeologiche e numismatiche di Milano 712 01$aMilano.$bRipartizione cultura 801 0$aIT$bUNINA$gRICA$2UNIMARC 901 $aBK 912 $a990006937340403321 952 $aITA 398$fFLFBC 959 $aFLFBC 996 $aNumismatica e il computer$9628697 997 $aUNINA